| 000 | 00417nam a2200169 a 4500 | ||
|---|---|---|---|
| 001 | 0000-8609 | ||
| 003 | ELIB.Books | ||
| 008 | 110520 1971 | ||
| 035 | _a(ELIB.Books)0000-8755 | ||
| 082 |
_aFic _bLiv |
||
| 100 | _aLively, Penelope | ||
| 245 | _aThe Wild Hunt Of Hagworthy | ||
| 260 |
_bLondon: A Piccolo Book _c1971 |
||
| 650 | _aFiction | ||
| 942 |
_2ddc _cBK |
||
| 998 |
_cbat _e2011-05-20 |
||
| 999 |
_c8609 _d8609 |
||